Quo vadis zemědělství?

Návrat v poľnohospodárstve k pomerom pred 40. rokmi by priviedol krajinu ku katastrofe. Nevyhnutne sa však musí riešiť absencia vlastníckeho vzťahu k výrobným prostriedkom. Mali by sa podporovať také podnikateľské štruktúry, ktoré racionálne nadviažu na vytvorené veľkovýrobné predpoklady a súčasne z...

Descripción completa

Guardado en:
Detalles Bibliográficos
Autor principal: Strašil, V.
Formato: Capítulo de libro
Lenguaje:checo
Materias:
Etiquetas: Agregar Etiqueta
Sin Etiquetas, Sea el primero en etiquetar este registro!

MARC

LEADER 00000naa a2200000 4500
001 r002976
005 20221125080220.7
041 0 |a cze 
044 |a [CS] 
245 1 0 |a Quo vadis zemědělství?  |c V. Strašil 
520 |a Návrat v poľnohospodárstve k pomerom pred 40. rokmi by priviedol krajinu ku katastrofe. Nevyhnutne sa však musí riešiť absencia vlastníckeho vzťahu k výrobným prostriedkom. Mali by sa podporovať také podnikateľské štruktúry, ktoré racionálne nadviažu na vytvorené veľkovýrobné predpoklady a súčasne založia silné súkromnopodnikateľské podnety. 
610 2 0 |a poľnohospodárstvo 
610 2 0 |a vlastníctvo prostriedkov výrobných 
610 2 0 |a podnikanie súkromné 
610 2 0 |a pôda poľnohospodárska 
610 2 0 |a subvencie 
610 2 0 |a Európske spoločenstvá 
610 2 0 |a produktivita práce 
610 2 0 |a ČSFR 
610 2 0 |a podnik poľnohospodársky 
100 1 |a Strašil, V.